[Event "Budapest FS08 IM-A"]
[Site "Budapest"]
[Date "1995.??.??"]
[Round "1"]
[White "Petran, Peter"]
[Black "Krumpacnik, Domen"]
[Result "1/2-1/2"]
[WhiteElo "2420"]
[BlackElo "2405"]

1.d4 Nf6 2.c4 e6 3.Nf3 Bb4+ 4.Nbd2 d5 5.Qa4+ Nc6 6.a3 Bxd2+ 7.Bxd2 Ne4 8.Bf4 O-O
9.e3 Ne7 10.Qc2 c6 11.Bd3 f5 12.Ne5 Bd7 13.f3 Nd6 14.c5 Nf7 15.O-O Be8 16.Kh1 Nxe5
17.Bxe5 Bg6 18.b4 Qd7 19.a4 a6 20.Qb3 Ra7 21.Ra2 h6 22.h3 Kh7 23.Raf2 Raa8
24.Qb1 Kh8 25.Rg1 Bh7 26.g4 Ng6 27.Bd6 Rf6 28.f4 fxg4 29.Rxg4 Nf8 30.Be5 Bf5
31.Bxf6 Bxg4 32.Be5 Bxh3 33.Qg1 Qf7 34.Rh2 Bf5 35.Rxh6+ Kg8 36.Bxf5 exf5
37.Rh2 Qg6 38.Qe1 Qg4 39.Rg2 Qh5+ 40.Kg1 Ne6 41.Qe2  1/2-1/2

[Event "Budapest FS02 IM-A"]
[Site "Budapest"]
[Date "1995.??.??"]
[Round "2"]
[White "Gonzalez Garcia, Jose"]
[Black "Eperjesi, Laszlo"]
[Result "1/2-1/2"]
[WhiteElo "2360"]
[BlackElo "2350"]

1.d4 Nf6 2.c4 e6 3.Nf3 Bb4+ 4.Nbd2 d5 5.Qa4+ Nc6 6.a3 Bd6 7.g3 O-O 8.Bg2 Re8
9.O-O Ne4 10.Qc2 f5 11.b4 a6 12.Bb2 Bf8 13.Ne5 Nxe5 14.dxe5 Nxd2 15.Qxd2 c6
16.c5 b6 17.cxb6 Qxb6 18.Bd4 Qb5 19.Rfc1 a5  1/2-1/2

[Event "Budapest FS11 IM-A"]
[Site "Budapest"]
[Date "1995.??.??"]
[Round "5"]
[White "Murzin, Lenar"]
[Black "Arnold, Ferenc"]
[Result "1-0"]
[WhiteElo "2265"]
[BlackElo "2355"]

1.Nf3 Nf6 2.c4 e6 3.d4 Bb4+ 4.Nbd2 b6 5.a3 Bxd2+ 6.Bxd2 Bb7 7.Bg5 d6 8.e3 Nbd7
9.Bd3 Qe7 10.O-O h6 11.Bh4 O-O 12.b4 a5 13.Qc2 Rfd8 14.Nd2 e5 15.f3 Nf8 16.Rfe1 g5
17.Bf2 Kg7 18.Nf1 Ng6 19.e4 Bc8 20.Ne3 Nf4 21.Nd5 N6xd5 22.cxd5 g4 23.Kh1 gxf3
24.gxf3 Bh3 25.Bf1 axb4 26.axb4 Rxa1 27.Rxa1 Ra8 28.Rc1 Ra3 29.Bg3 Bxf1 30.Rxf1 Ng6
31.dxe5 dxe5 32.f4 Qxb4 33.fxe5 Rc3 34.Qg2 Re3 35.e6 f6 36.Bxc7 Kh7 37.Rg1 Qxe4
38.Qxe4 Rxe4 39.Bxb6 Re5 40.Rd1 Nf4 41.d6  1-0

[Event "Budapest FS12 GM"]
[Site "Budapest"]
[Date "1995.??.??"]
[Round "6"]
[White "Varga, Zoltan"]
[Black "Hmadi, Slaheddine"]
[Result "1-0"]
[WhiteElo "2535"]
[BlackElo "2325"]

1.d4 Nf6 2.c4 e6 3.Nf3 Bb4+ 4.Nbd2 a5 5.g3 b6 6.Bg2 Bb7 7.O-O O-O 8.a3 Be7
9.Re1 d5 10.cxd5 exd5 11.Ne5 Nbd7 12.Ndf3 c5 13.Bf4 Rc8 14.Bh3 Ra8 15.Qa4 Nxe5
16.Nxe5 Bd6 17.Nd7 Bxf4 18.Nxf8 Bd2 19.Red1 Ne4 20.Nd7 Bc8 21.Qc6 Bxd7 22.Qxd7 Qf6
23.Bf5 Rd8 24.Qc7 Nd6 25.Rxd2 Nxf5 26.dxc5 bxc5 27.Qxc5 d4 28.e4  1-0

[Event "Budapest FS02 IM-A"]
[Site "Budapest"]
[Date "1995.??.??"]
[Round "6"]
[White "Gonzalez Garcia, Jose"]
[Black "Lavrov, Andrey"]
[Result "1-0"]
[WhiteElo "2360"]
[BlackElo "2385"]

1.d4 Nf6 2.c4 e6 3.Nf3 Bb4+ 4.Nbd2 b6 5.a3 Bxd2+ 6.Bxd2 Bb7 7.Bg5 h6 8.Bh4 d6
9.e3 Nbd7 10.Bd3 g5 11.Bg3 h5 12.h4 g4 13.Ng5 Qe7 14.O-O Ng8 15.b4 Nh6 16.c5 bxc5
17.bxc5 dxc5 18.Rb1 Bc6 19.Qc2 Kf8 20.e4 Kg7 21.Rfe1 f6 22.Nxe6+ Qxe6 23.d5 Qe7
24.dxc6 Ne5 25.Rec1 Nhf7 26.Bf1 Rab8 27.Rb5 Rxb5 28.Bxb5 Rb8 29.a4 Rb6 30.Bf4 a6
31.Be3 axb5 32.Bxc5 Qe6 33.Bxb6 cxb6 34.c7 Qc8 35.axb5 Nd6 36.Qb3 Kf8 37.Qe3 Ndc4
38.Qh6+ Ke7 39.Qh7+ Ke8 40.Rd1  1-0

[Event "Budapest FS04 GM"]
[Site "Budapest"]
[Date "1995.??.??"]
[Round "7"]
[White "Gonzalez Garcia, Jose"]
[Black "Horvath, Jozsef"]
[Result "0-1"]
[WhiteElo "2360"]
[BlackElo "2515"]

1.d4 Nf6 2.c4 e6 3.Nf3 Bb4+ 4.Nbd2 b6 5.a3 Bxd2+ 6.Bxd2 Bb7 7.Bg5 h6 8.Bh4 d6
9.e3 Nbd7 10.Bd3 Qe7 11.O-O g5 12.Bg3 Rg8 13.Nd2 h5 14.f3 h4 15.Bf2 O-O-O
16.b4 Nh5 17.Qe2 g4 18.f4 g3 19.Qxh5 Nf6 20.Qe2 gxh2+ 21.Kxh2 Rxg2+ 22.Kh3 Ng4
23.Qxg4 Rxg4 24.Kxg4 Bg2 25.Bxh4 Rg8+ 26.Bg5 f6 27.Rf2 Bb7 28.Rh2 fxg5 29.f5 Kb8
30.f6 Qxf6 31.Rf1 Qd8 32.Rf7 Bc8 33.Ne4 e5+ 34.Kg3 exd4 35.exd4 d5 36.cxd5 Qxd5
37.Rhf2 Qxd4 38.Bc2 g4 39.Nf6 Qe3+ 40.Kg2 Bb7+  0-1

[Event "Budapest FS12 GM"]
[Site "Budapest"]
[Date "1995.??.??"]
[Round "8"]
[White "Zimmerman, Yuri"]
[Black "Hmadi, Slaheddine"]
[Result "1-0"]
[WhiteElo "2375"]
[BlackElo "2325"]

1.d4 Nf6 2.c4 e6 3.Nf3 Bb4+ 4.Nbd2 d5 5.Qc2 O-O 6.g3 Nc6 7.Bg2 Ne4 8.O-O Bxd2
9.Bxd2 Nxd2 10.Qxd2 dxc4 11.Qc3 e5 12.dxe5 Be6 13.Rac1 Rb8 14.Rfd1 Qe7 15.Nd2 Nb4
16.Qa3 b5 17.b3 Rb6 18.Qb2 Rd8 19.Ne4 h6 20.Rxd8+ Qxd8 21.bxc4 bxc4 22.Qa3 Nc6
23.Qc5 Qd4 24.Qxd4 Nxd4 25.Kf1 Rb2 26.Nc3 Kf8 27.e3 Nc2 28.Be4 Na3 29.h4 a6
30.Ke1 Nb5 31.a4 Nxc3 32.Rxc3 Rb4 33.Bc2 Ke7 34.Kd2 a5 35.f4 Bd7 36.Ra3 Ke6
37.Kc3 Kd5 38.Ra1 Kc5 39.e4 Bc6 40.g4 Bd7 41.f5 Rb8 42.Rd1 Bc6 43.Rd4 Rb4
44.Rd8 Rb6 45.g5 hxg5 46.hxg5 Rb7 47.e6 fxe6 48.f6 gxf6 49.g6 Bxe4 50.g7  1-0

[Event "Budapest"]
[Site "Budapest"]
[Date "1995.??.??"]
[Round "9"]
[White "Gonzalez Garcia, Jose"]
[Black "Letreguilly, Olivier"]
[Result "1/2-1/2"]
[WhiteElo "2360"]
[BlackElo "2300"]

1.d4 Nf6 2.c4 e6 3.Nf3 Bb4+ 4.Nbd2 b6 5.a3 Bxd2+ 6.Bxd2 Bb7 7.Bg5 d6 8.e3 Nbd7
9.Bd3 c5 10.O-O Qe7 11.b4 O-O 12.Nd2 Rfc8 13.f4 d5 14.bxc5 bxc5 15.Bxh7+ Kxh7
16.Qb1+ Kg8 17.Qxb7 Qd6 18.Bxf6 Nxf6 19.Qb2 Rab8 20.Qc3 dxc4 21.Nxc4 cxd4
22.exd4 Qd5 23.Rac1 Ne4 24.Qe3 Rxc4 25.Rxc4 Qxc4 26.Qxe4 Rb2 27.Rd1 a5 28.f5 exf5
29.Qxf5 Rxg2+ 30.Kxg2 Qe2+ 31.Kg3 Qxd1 32.Qc8+ Kh7 33.Qf5+ Kg8  1/2-1/2

[Event "Budapest"]
[Site "Budapest"]
[Date "1995.??.??"]
[Round "11"]
[White "Gonzalez Garcia, Jose"]
[Black "Arnold, Ferenc"]
[Result "1-0"]
[WhiteElo "2360"]
[BlackElo "2325"]

1.d4 Nf6 2.c4 e6 3.Nf3 Bb4+ 4.Nbd2 b6 5.a3 Bxd2+ 6.Bxd2 Bb7 7.Bg5 d6 8.e3 Nbd7
9.Bh4 O-O 10.Be2 Qe7 11.O-O c5 12.Re1 Rfd8 13.Rc1 Nf8 14.Nd2 Ng6 15.Bg3 Rac8
16.b4 d5 17.dxc5 bxc5 18.Qa4 cxb4 19.axb4 dxc4 20.Nxc4 Ne4 21.Bf3 Nxg3 22.hxg3 Bxf3
23.gxf3 Rxc4 24.Rxc4 Ne5 25.Rec1 Nxc4 26.Rxc4 h6 27.Kg2 Qb7 28.Rc5 g6 29.e4 h5
30.Qa5 Qb6 31.Qxb6 axb6 32.Rc6 Rd4 33.Rxb6 e5 34.Rb5 Kg7 35.Kf1 f6 36.Ke2 g5
37.Rb8 h4 38.Kf1 h3 39.Kg1 Rd3 40.Kh2 Rxf3 41.Kxh3 Rxf2 42.Kg4 Kg6 43.b5 Re2
44.Kf3 Rb2 45.b6 f5 46.exf5+ Kxf5 47.g4+ Kg6 48.Ke4 Rb5 49.Kd3 e4+ 50.Kxe4 Kf6
51.Kd4 Rb1 52.Kc5 Ke5 53.b7 Rc1+ 54.Kb4 Kf4 55.Rf8+  1-0

[Event "Bytom op"]
[Site "Bytom"]
[Date "1995.??.??"]
[Round "?"]
[White "Kachur, Alexander"]
[Black "Kazek, Krzysztof"]
[Result "1/2-1/2"]
[WhiteElo "2315"]
[BlackElo "2255"]

1.d4 Nf6 2.c4 e6 3.Nf3 Bb4+ 4.Nbd2 O-O 5.e3 d5 6.a3 Be7 7.Bd3 c5 8.dxc5 a5
9.cxd5 exd5 10.O-O Nbd7 11.b3 Nxc5 12.Be2 Bg4 13.Bb2 Re8 14.Nd4 Bd7 15.N2f3 Bf8
16.Nb5 Nce4 17.Rc1 Rc8 18.Rxc8 Bxc8 19.Nfd4 Bc5 20.Qc2 Bb6 21.Rc1 Bd7 22.Nc7 Re7
23.Ncb5 h6 24.h3 Re5 25.Nf3 Re7 26.Bd4 Bxb5 27.Bxb5 Rc7 28.Qd1 Bxd4 29.Nxd4 Nc3
30.Qe1 Nce4 31.f3 Ng5 32.Rd1 Rc8 33.a4 Qb6 34.Rc1 Rxc1 35.Qxc1 Ne6 36.Qc8+ Kh7
37.Qc3 Nxd4 38.exd4 g6 39.Qe3 Qc7 40.Qe5 Qc1+ 41.Kh2 Nh5 42.Qxd5 Qf4+ 43.Kg1 Qe3+
44.Kh2 Qf4+ 45.Kh1 Qc1+ 46.Kh2 Qf4+ 47.Kg1 Qe3+ 48.Kh2  1/2-1/2

[Event "Caceres"]
[Site "Caceres"]
[Date "1995.??.??"]
[Round "?"]
[White "Carrasco Martinez, Juan M"]
[Black "Lalic, Bogdan"]
[Result "0-1"]
[WhiteElo "2300"]
[BlackElo "2590"]

1.d4 Nf6 2.c4 e6 3.Nf3 Bb4+ 4.Nbd2 c5 5.a3 Bxd2+ 6.Bxd2 d6 7.Bg5 h6 8.Bxf6 Qxf6
9.dxc5 dxc5 10.Qc2 O-O 11.O-O-O Bd7 12.e3 Bc6 13.Bd3 a6 14.Bh7+ Kh8 15.Be4 Bxe4
16.Qxe4 Nc6 17.h4 Rac8 18.g4 Qg6 19.Nd2 f5 20.gxf5 exf5 21.Qf4 Rfe8 22.h5 Qf7
23.Kb1 Ne5 24.Nf3 Nxc4 25.Nh4 Rc6 26.Nxf5 Nxa3+ 27.Ka1 Nc2+ 28.Kb1 Rf6 29.Nd6 Rxf4
30.Nxf7+ Rxf7 31.Kxc2 Rxf2+ 32.Rd2 Rxd2+ 33.Kxd2 Re5 34.Kd3 Kg8 35.e4 Kf7
36.Ke3 Ke6 37.Kf4 Rg5  0-1

[Event "Cappelle op"]
[Site "Cappelle la Grande"]
[Date "1995.??.??"]
[Round "6"]
[White "Sokolovs, Andrei"]
[Black "Gofshtein, Leonid D"]
[Result "1/2-1/2"]
[WhiteElo "2520"]
[BlackElo "2465"]

1.d4 Nf6 2.c4 e6 3.Nf3 Bb4+ 4.Nbd2 O-O 5.a3 Be7 6.e3 d5 7.Be2 b6 8.O-O Bb7
9.b4 c5 10.bxc5 bxc5 11.Rb1  1/2-1/2

[Event "Ceske Budejovice op"]
[Site "Ceske Budejovice"]
[Date "1995.??.??"]
[Round "4"]
[White "Tunik, Gennady"]
[Black "Zhidkov, Valery S"]
[Result "1/2-1/2"]
[WhiteElo "2515"]
[BlackElo "2325"]

1.d4 Nf6 2.c4 e6 3.Nf3 Bb4+ 4.Nbd2 b6 5.g3 Bb7 6.Bg2 O-O 7.O-O d5 8.Ne5 Bxd2
9.Bxd2 Ne4 10.Bb4 Re8 11.cxd5 exd5 12.Rc1 f6 13.Nf3 Nc6 14.Ba3 Qd7 15.Qc2 Rac8
16.e3 Nd8 17.Rfd1 Nf7 18.Ne1 Nfg5 19.f3 Nd6 20.Bxd6 Qxd6 21.Qd2 Re7 22.Nd3 Rce8
23.Re1 a5 24.a3 Nf7 25.Nf2 Ng5 26.Rc3 h5 27.f4 Ne6 28.Rd1 h4 29.Qe2 hxg3
30.hxg3 c5 31.dxc5 bxc5 32.Qh5 Rd8 33.Be4 Nf8 34.Bb1 Qb6 35.Ba2 c4 36.Qe2 Ne6
37.Bb1 Rde8 38.Bg6 Rd8 39.Bf5 Nf8 40.Qd2 Rde8 41.Ng4 Bc6 42.Qd4 Qxd4 43.Rxd4 Rb8
44.e4 Rxb2 45.Ne3 Rb3 46.Nxd5 Bxd5 47.Rxb3 cxb3 48.exd5 b2 49.Kf2 Rb7 50.Bb1 Nd7
51.Ke2 Kf8 52.d6 Rb3 53.Rd3 Rb6 54.Rd5 a4 55.Rd4 Rc6 56.Bg6 Rb6 57.Bb1 Rc6
58.Rb4 Rxd6 59.Rxb2 g5 60.fxg5 fxg5 61.Rb5 Nb6 62.Bd3 Nd5 63.Rc5 Ke7 64.Kf3 g4+
65.Ke2 Kf6 66.Be4 Nb6 67.Ke3 Rd1 68.Rc6+ Ke5 69.Rxb6 Re1+ 70.Kd3 Re3+  1/2-1/2

[Event "Ceske Budejovice op"]
[Site "Ceske Budejovice"]
[Date "1995.??.??"]
[Round "9"]
[White "Priehoda, Vitezslav"]
[Black "Zhidkov, Valery S"]
[Result "1-0"]
[WhiteElo "2365"]
[BlackElo "2325"]

1.d4 Nf6 2.c4 e6 3.Nf3 Bb4+ 4.Nbd2 b6 5.e3 Bb7 6.Bd3 O-O 7.O-O d5 8.Qc2 Nbd7
9.Rd1 Rc8 10.e4 Bxd2 11.Nxd2 h6 12.exd5 exd5 13.c5 bxc5 14.dxc5 Ne5 15.Nb3 Nxd3
16.Qxd3 Re8 17.Be3 Rb8 18.Bd4 Ne4 19.Na5 Qd7 20.f3 Ng5 21.Qc3 Re6 22.Bxg7 Rg6
23.Kh1 Rxg7 24.c6 Bxc6 25.Nxc6 Rb6 26.Rac1 f5 27.a4 a6 28.a5 Rb7 29.b4 Qd6
30.Qd3 Rb5 31.Nd4 Qxb4 32.Nxb5 axb5 33.Qxd5+  1-0

[Event "Clichy"]
[Site "Clichy"]
[Date "1995.??.??"]
[Round "?"]
[White "Nikcevic, Nebojsa"]
[Black "Renet, Olivier"]
[Result "1/2-1/2"]
[WhiteElo "2470"]
[BlackElo "2520"]

1.d4 Nf6 2.c4 e6 3.Nf3 Bb4+ 4.Nbd2 b6 5.a3 Bxd2+ 6.Qxd2 Bb7 7.e3 d6 8.b3 Nbd7
9.Bb2 O-O 10.Be2 Ne4 11.Qc2 f5 12.O-O Qe7 13.Rad1 Rae8 14.d5 e5 15.Nd2 Nxd2
16.Rxd2 f4 17.exf4 Rxf4 18.g3 Rff8 19.Bh5 Rd8 20.Bg4 Qg5 21.Be6+ Kh8 22.Bxd7 Rxd7
23.f4 exf4 24.Rdf2 Rdf7 25.Qe4 h6 26.Rxf4 Rxf4 27.Rxf4 Rxf4 28.Qxf4 Qxf4
29.gxf4 a5 30.Kf2  1/2-1/2

[Event "Copenhagen3"]
[Site "Copenhagen"]
[Date "1995.??.??"]
[Round "2"]
[White "Molvig, Henrik"]
[Black "Larsen, Steen Skovlund"]
[Result "1/2-1/2"]
[WhiteElo "2205"]
[BlackElo "2340"]

1.d4 Nf6 2.Nf3 e6 3.c4 Bb4+ 4.Nbd2 O-O 5.a3 Be7 6.e4 d6 7.Bd3 Nc6 8.b4 e5
9.d5 Nb8 10.O-O c6 11.Bb2  1/2-1/2

[Event "ESP-chT"]
[Site "Cordoba"]
[Date "1995.??.??"]
[Round "7"]
[White "San Segundo, Pablo"]
[Black "Oms Pallise, Josep"]
[Result "1/2-1/2"]
[WhiteElo "2520"]
[BlackElo "2340"]

1.Nf3 Nf6 2.d4 e6 3.c4 Bb4+ 4.Nbd2 b6 5.a3 Bxd2+ 6.Bxd2 Bb7 7.Bg5 h6 8.Bh4 d6
9.Qc2 Nbd7 10.Rd1 Qe7 11.e3 O-O 12.Bd3 c5 13.dxc5 Nxc5 14.Be2 Rfc8 15.Bxf6 Qxf6
16.Rxd6 Be4 17.Qc3 Qxc3+ 18.bxc3 Rd8 19.Rd4 f6 20.O-O e5 21.Rd2 Bxf3 22.Rxd8+ Rxd8
23.Bxf3 Rd3 24.Rc1 Kf8 25.Kf1 Rd2 26.Rd1 Rxd1+ 27.Bxd1 Ke7 28.Ke2 Kd6 29.f4 Ke6
30.Bc2 f5 31.h3 h5 32.g3 Kf6 33.Kf3 e4+ 34.Kf2 g6 35.Ke1 Ke6 36.Kf2 Kf6 37.Kf1 Ke6
38.Bd1 Kf6  1/2-1/2

[Event "CZE-chT 9495"]
[Site "?"]
[Date "1995.??.??"]
[Round "4"]
[White "Ftacnik, Lubomir"]
[Black "Lechtynsky, Jiri"]
[Result "1/2-1/2"]
[WhiteElo "2605"]
[BlackElo "2400"]

1.d4 Nf6 2.Nf3 e6 3.c4 Bb4+ 4.Nbd2 c5 5.e3 O-O 6.a3 Bxd2+ 7.Bxd2 cxd4 8.exd4 d5
9.Bd3 dxc4 10.Bxc4 Nc6 11.Bg5 Qd6 12.Bxf6 gxf6 13.O-O Rd8 14.Qe2 Ne7 15.Rad1 Rb8
16.Nd2 f5 17.Qh5 Ng6 18.Nf3 Kg7 19.Rd3 b5 20.Ba2 Qe7 21.Qh3 b4 22.Re1 bxa3
23.bxa3 Rb2 24.Bc4 Qc7 25.Ne5 Rc2 26.Bb3 Nxe5 27.dxe5 Rxd3 28.Qxd3 Rc3 29.Qd2 Rxb3
30.Qg5+ Kf8 31.Rd1 Qd7 32.Qc1 Qe8 33.Qh6+ Kg8 34.Qg5+ Kf8 35.h4 Bd7 36.Qh6+ Kg8
37.Qg5+ Kf8 38.Qf6 Rb8 39.h5 Qd8 40.Qh8+ Ke7 41.Qf6+ Kf8 42.Qh8+ Ke7 43.Qf6+  1/2-1/2

[Event "Decin op"]
[Site "Decin"]
[Date "1995.??.??"]
[Round "7"]
[White "Orsag, Milan"]
[Black "Sleich, Jan"]
[Result "1-0"]
[WhiteElo "2415"]
[BlackElo "2165"]

1.d4 Nf6 2.c4 e6 3.Nf3 Bb4+ 4.Nbd2 b6 5.g3 Bb7 6.Bg2 O-O 7.O-O Bxd2 8.Qxd2 d6
9.b3 Nbd7 10.Bb2 Ne4 11.Qc2 f5 12.Rfd1 Ndf6 13.h3 Qe8 14.Rac1 Qh5 15.c5 Bd5
16.cxd6 cxd6 17.Ba3 g5 18.Nd2 Nxf2 19.Kxf2 Ng4+ 20.hxg4 fxg4+ 21.Nf3 gxf3
22.exf3 Rxf3+ 23.Kg1 Rxg3 24.Rd2 Rf8 25.Bxd6 Qg4 26.Bxg3 Qxg3 27.Qd3 Rf3
28.Qe2 Rf4 29.Rd3 Qh4 30.Bxd5 exd5 31.Qe6+  1-0

[Event "Elgoibar"]
[Site "Elgoibar"]
[Date "1995.??.??"]
[Round "5"]
[White "Gomez, M."]
[Black "Kosten, Anthony C"]
[Result "0-1"]
[WhiteElo "2425"]
[BlackElo "2540"]

1.d4 Nf6 2.Nf3 e6 3.c4 Bb4+ 4.Nbd2 b6 5.a3 Bxd2+ 6.Qxd2 Bb7 7.g3 O-O 8.Bg2 a5
9.b3 d6 10.O-O Nbd7 11.Bb2 Qe7 12.d5 Ne4 13.Qe3 exd5 14.Nh4 f5 15.cxd5 Rae8
16.Rac1 Ndc5 17.b4 f4 18.gxf4 Qxh4 19.bxc5 Nxc5 20.Qc3 Re7 21.e3 Rf6 22.f3 Rh6
23.h3 Bc8 24.Rc2 Rg6 25.Qe1 Qxh3 26.Bd4 Qf5 27.Qb1 Ba6 28.Rff2 Bd3 29.Qa2 Bxc2
30.Rxc2 Qd3 31.Rd2 Qb3 32.Bxc5 Qxa2 33.Rxa2 dxc5 34.e4 c6 35.f5 Rf6 36.dxc6 Rxc6
37.e5 Rc8 38.f4 Rd7 39.a4 c4 40.Kf2 c3  0-1

[Event "RUS-ch"]
[Site "Elista"]
[Date "1995.??.??"]
[Round "5"]
[White "Pushkov, Nikolai"]
[Black "Kholmov, Ratmir D"]
[Result "1/2-1/2"]
[WhiteElo "2515"]
[BlackElo "2445"]

1.d4 Nf6 2.Nf3 e6 3.c4 Bb4+ 4.Nbd2 b6 5.e3 Bb7 6.Bd3 O-O 7.O-O d5 8.b3 Ne4
9.Bb2 f5 10.a3 Be7 11.Ne5 Nd7 12.Ndf3 Ndf6 13.b4 c5 14.b5 Rc8 15.a4 Bd6 16.a5 bxa5
17.Qa4 Bc7 18.Nc6 Bxc6 19.bxc6 Qe8 20.Ne5 dxc4 21.Bxc4 Bxe5 22.dxe5 Nd5 23.Ba6 Rc7
24.Bb7 Nb4 25.Qxa5 Rff7 26.Rfd1 h6 27.f3 Ng5 28.Rd6 Kh7 29.Qxc5 Nd5 30.h4 Rxb7
31.cxb7 Rxb7 32.hxg5 Rxb2 33.Qc6 Qxc6 34.g6+ Kxg6 35.Rxc6 Nxe3 36.Rxa7 Rxg2+
37.Kh1 Kh5 38.Rc3 Re2 39.Rxg7 Nd5 40.Rc1 Rxe5 41.Kg1 Nf4 42.Rc4 Re1+ 43.Kf2 Nd3+
44.Kg2 e5 45.Rc6 Re2+ 46.Kg1 Re3 47.Kg2 f4 48.Rh7 Ne1+ 49.Kf2 Nxf3 50.Rcxh6+ Kg5
51.Rh3 e4 52.Rg7+ Kf6 53.Rg8 Ra3 54.Rf8+ Kg5 55.Rg8+ Kf5 56.Rh5+ Kf6 57.Rf8+ Kg6
58.Rh3 Ra2+ 59.Kf1 Nd2+ 60.Kg1 f3 61.Rg3+ Kh7 62.Rf4 Ra6 63.Rh4+ Rh6 64.Rxh6+ Kxh6
65.Kf2  1/2-1/2

[Event "Gausdal Int"]
[Site "Gausdal"]
[Date "1995.??.??"]
[Round "2"]
[White "Fyllingen, Roy Harald"]
[Black "Petursson, Margeir"]
[Result "1/2-1/2"]
[WhiteElo "2390"]
[BlackElo "2535"]

1.d4 Nf6 2.c4 e6 3.Nf3 Bb4+ 4.Nbd2 b6 5.a3 Bxd2+ 6.Bxd2 Bb7 7.Bg5 d6 8.e3 Nbd7
9.Bh4 Qe7 10.Be2 h6 11.Nd2 c5 12.Bf3 Bxf3 13.Qxf3 d5 14.O-O O-O 15.cxd5 exd5
16.dxc5 bxc5 17.Rac1 Rac8 18.Rc2 Qe6 19.Rfc1 Ne5 20.Qe2 Nfd7 21.Nb3 Qb6 22.Nd4 Rce8
23.Nf3 c4 24.Nxe5 Nxe5 25.Rd1 Nd3 26.h3 a5 27.Rxd3 cxd3 28.Qxd3 Re4 29.Bg3 Qg6
30.Rc5 d4 31.Rc4 Rd8 32.Kh2 Qe6 33.exd4 Qd5 34.Qc3 Rxd4 35.Rxd4 Qxd4 36.Qxa5 Rc8
37.Qf5 Rc1 38.Be5 Qd5 39.Qf4 Qd1 40.Bc3 Qg1+ 41.Kg3 Qd1  1/2-1/2

[Event "Geneve op"]
[Site "Geneve"]
[Date "1995.??.??"]
[Round "3"]
[White "Roeder, Mathias"]
[Black "Wahls, Matthias"]
[Result "1/2-1/2"]
[WhiteElo "2440"]
[BlackElo "2555"]

1.d4 Nf6 2.c4 e6 3.Nf3 Bb4+ 4.Nbd2 O-O 5.a3 Be7 6.e4 d5 7.e5 Nfd7 8.cxd5 exd5
9.b4 a5 10.b5 c5 11.Bd3 cxd4 12.Nb3 a4 13.Nbxd4 Nc5 14.O-O Nxd3 15.Qxd3 Nd7
16.Nf5 Nc5 17.Nxe7+ Qxe7 18.Qxd5 Nb3 19.Bg5 Qe6 20.Rad1 Qxd5 21.Rxd5 Be6
22.Rd6 h6 23.Be3 Bc4 24.Re1 Bxb5 25.Rb6 Bc6 26.Nd4 Nxd4 27.Bxd4 Rfd8 28.Rb4 Ra5
29.f3 Rad5 30.Bc3 Rd3 31.Rc4 Rd1  1/2-1/2

[Event "BL2-S9495"]
[Site "Germany"]
[Date "1995.??.??"]
[Round "?"]
[White "Klebel, Martin"]
[Black "Dietz, Holger"]
[Result "1/2-1/2"]
[WhiteElo "2420"]
[BlackElo "2260"]

1.d4 e6 2.Nf3 Nf6 3.c4 Bb4+ 4.Nbd2 d5 5.Qa4+ Nc6 6.a3 Bxd2+ 7.Bxd2 Ne4 8.e3 Nxd2
9.Nxd2 O-O 10.Be2 Bd7 11.Qc2 Ne7 12.O-O f6 13.Rac1 c6 14.e4 Be8 15.Nb3 Qb6
16.Bd3 Kh8 17.Rfe1 dxc4 18.Bxc4 e5 19.Nc5 Bh5 20.Nxb7 Qxd4 21.b4 Qb6 22.Nc5 Rfd8
23.Qc3 a5 24.Qh3 Bg6 25.Qe6 Ng8 26.Bd5 axb4 27.Nd7 Qc7 28.axb4 Qxd7 29.Qxd7 Rxd7
30.Bxc6 Rdd8 31.Bxa8 Rxa8 32.f3 Rb8 33.Rc7 Rxb4 34.Ra1  1/2-1/2

[Event "NRW-Liga I 9495"]
[Site "Germany"]
[Date "1995.??.??"]
[Round "?"]
[White "Lemanczyk, Thomas"]
[Black "Gruen, Peter"]
[Result "0-1"]
[WhiteElo "2235"]
[BlackElo "2370"]

1.d4 Nf6 2.c4 e6 3.Nf3 Bb4+ 4.Nbd2 O-O 5.a3 Be7 6.e4 d5 7.e5 Nfd7 8.cxd5 exd5
9.b4 a5 10.b5 c5 11.Bd3 c4 12.Bc2 a4 13.O-O Nb6 14.Nb1 Bg4 15.h3 Bh5 16.Nc3 Bg6
17.Nh2 N8d7 18.f4 Bxc2 19.Qxc2 f5 20.g4 g6 21.Qg2 Kh8 22.Kh1 Rc8 23.g5 Re8
24.Rd1 Nf8 25.Nf1 Ne6 26.Qf3 Qd7 27.Ne3 Nc7 28.Rb1 Ra8 29.Qg2 Ra5 30.Qb2 Kg7
31.Bd2 Rh8 32.Kg2 h6 33.h4 Ne6 34.Ne2 Raa8 35.Rh1 Rh7 36.gxh6+ Rxh6 37.h5 c3
38.Bxc3 Nc4 39.Nxc4 dxc4 40.Kf2 Rah8 41.Rbd1 Qd5 42.Bb4 Rxh5 43.Rxh5 Rxh5
44.Bxe7 Rh2+ 45.Ke1 Qh1+ 46.Kd2 Rxe2+  0-1

[Event "Oberliga Ost C9495"]
[Site "Germany"]
[Date "1995.??.??"]
[Round "?"]
[White "Gmeiner, Peter"]
[Black "Brueggemann, Joachim"]
[Result "1-0"]
[WhiteElo "2220"]
[BlackElo "2305"]

1.d4 Nf6 2.Nf3 e6 3.c4 Bb4+ 4.Nbd2 d6 5.Qa4+ Nc6 6.e3 O-O 7.Be2 e5 8.d5 Bxd2+
9.Bxd2 Ne7 10.O-O Ng6 11.Qc2 e4 12.Nd4 Re8 13.Bc3 Bd7 14.Rad1 h6 15.b4 Nh7
16.c5 Qg5 17.Rfe1 Bh3 18.g3 a6 19.Bb2 Bg4 20.f4 exf3 21.Nxf3 Qxe3+ 22.Kg2 Ng5
23.Ng1 Qe4+ 24.Qxe4 Rxe4 25.Bxg4 Rxg4 26.Rd4 Rxd4 27.Bxd4 dxc5 28.Bxc5 b6
29.Bf2 Rd8 30.h4 Nh7 31.Rc1 Nf6 32.Rxc7 Nxd5 33.Rb7 Rd6 34.Nf3 Nxb4 35.h5 Nf8
36.Bxb6 Nd3 37.Rb8 g6 38.hxg6 fxg6 39.a4 Kf7 40.a5 Nd7 41.Rb7 Ke8 42.Be3 g5
43.Nd4 Rf6 44.Ra7 N7e5 45.Bg1 g4 46.Ra8+ Kf7 47.Ra7+ Kg6 48.Ne2 Ne1+ 49.Kh1 N5d3
50.Bd4 Rf1+ 51.Kh2 Nf3+ 52.Kg2 Nde1+ 53.Kxf1 Kf5 54.Rxa6  1-0

[Event "Wuerttemberg-ch"]
[Site "Germany"]
[Date "1995.??.??"]
[Round "3"]
[White "Kindl, Peter"]
[Black "Melcher, Wolfgang"]
[Result "1/2-1/2"]
[WhiteElo "2340"]
[BlackElo "2225"]

1.d4 e6 2.c4 Nf6 3.Nf3 Bb4+ 4.Nbd2 d5 5.g3 O-O 6.Bg2 b6 7.O-O Bb7 8.cxd5 Nxd5
9.Qc2 Nd7 10.Nc4 Be7 11.Rd1 Rc8 12.e4 N5f6 13.Nfe5 Qe8 14.Nxd7 Qxd7 15.Ne5 Qe8
16.Bf4 Bd6 17.Qe2 c5 18.dxc5 Bxc5 19.Bg5 Rc7 20.Bxf6 gxf6 21.Ng4 Qe7 22.Qd2 h5
23.Ne3 Kg7 24.Qe2 Rh8 25.h4 Kg6 26.Bf3 Rd7 27.Rxd7 Qxd7 28.Rd1 Qc7 29.Qc2 Rc8
30.Rc1 Bd6 31.Bxh5+ Kg7 32.Qxc7 Rxc7 33.Rxc7 Bxc7 34.Bf3 f5 35.Nc4 fxe4 36.Bg2 b5
37.Ne3 f5 38.Kf1 Be5 39.b3 Bc3 40.Ke2 Kf6 41.Nc2 Ke5 42.f3 Bb2 43.fxe4 Bxe4
44.Ne1 Kd4 45.Bxe4 Kxe4 46.Nd3 Bf6 47.h5 e5 48.h6 Kd4 49.h7 Kc3 50.Nc5 Bh8
51.Nb7 Kb2 52.Nd6 Kxa2 53.Nxf5 Kxb3 54.g4 a5  1/2-1/2

[Event "Landesliga S9495 Bayern"]
[Site "Germany"]
[Date "1995.??.??"]
[Round "5"]
[White "Nitzsche, Dirk"]
[Black "Mittermeier, Josef"]
[Result "1-0"]
[WhiteElo "2095"]
[BlackElo "1915"]

1.d4 Nf6 2.Nf3 e6 3.c4 Bb4+ 4.Nbd2 b6 5.e3 Bb7 6.Bd3 O-O 7.O-O d5 8.Qc2 Nbd7
9.b3 Re8 10.Bb2 Bd6 11.e4 dxe4 12.Nxe4 Nxe4 13.Bxe4 Bxe4 14.Qxe4 c5 15.Rad1 Qc7
16.dxc5 Bxc5 17.Qg4 f6 18.Rfe1 Qc6 19.Re2 Rad8 20.Red2 Kh8 21.h4 Qc7 22.h5 h6
23.Nh4 Nf8 24.Ng6+ Nxg6 25.hxg6 f5 26.Qh4 Be7 27.Qxh6+  1-0

[Event "GRE-ch94"]
[Site "Glyfada"]
[Date "1995.??.??"]
[Round "8"]
[White "Haritakis, Theodoros"]
[Black "Tzoumbas, Anastasios"]
[Result "1/2-1/2"]
[WhiteElo "2250"]
[BlackElo "2360"]

1.d4 Nf6 2.c4 e6 3.Nf3 Bb4+ 4.Nbd2 b6 5.a3 Bxd2+ 6.Qxd2 Bb7 7.e3 d6 8.Be2 Nbd7
9.b4 O-O 10.Bb2 Ne4 11.Qd3 f5 12.O-O Ng5 13.Nxg5 Qxg5 14.d5 Rae8 15.f4 Qe7
16.Bh5 Rd8 17.Bf3 Nf6 18.Rae1 Rfe8 19.e4 fxe4 20.Bxe4 Nxe4 21.Rxe4 Qf7 22.Rxe6 Rxe6
23.dxe6 Qxe6 24.f5 Qf7 25.Rf4 Rd7 26.Rg4 Qh5 27.Qd4 Qf7 28.h4 Kf8 29.f6 gxf6
30.Qe3 Qh5 31.Qg3 Qf7 32.Bxf6 Bc8 33.Rf4 Qg6 34.Bg7+ Kg8 35.Rg4 Qb1+ 36.Kh2 Rf7
37.Bf6+ Bxg4 38.Qxg4+ Qg6 39.Qc8+ Rf8 40.Qe6+ Qf7 41.Qg4+ Qg6 42.Qe6+  1/2-1/2

[Event "Graz op"]
[Site "Graz"]
[Date "1995.??.??"]
[Round "7"]
[White "Teske, Henrik"]
[Black "Dizdar, Goran"]
[Result "0-1"]
[WhiteElo "2500"]
[BlackElo "2535"]

1.d4 Nf6 2.c4 e6 3.Nf3 Bb4+ 4.Nbd2 d5 5.g3 c5 6.cxd5 Qxd5 7.a3 Bxd2+ 8.Qxd2 cxd4
9.Qxd4 Nc6 10.Qxd5 Nxd5 11.b4 f6 12.Bg2 Ke7 13.Bd2 a6 14.O-O Rd8 15.Rfc1 e5
16.Kf1 e4 17.Ne1 Nd4 18.Rab1 Bf5 19.Rb2 Rac8 20.e3 Rxc1 21.Bxc1 Rc8 22.Bd2 Nb5
23.g4 Bg6 24.Rc2 Rd8 25.a4 Na3 26.Rc1 Nb6 27.a5 Rxd2 28.axb6 Nb5 29.h4 h6
30.h5 Bh7 31.Rc4 Ke8 32.Bxe4 Nd6 33.Bxh7 Nxc4 34.Nf3 Rb2 35.Nd4 Ke7 36.Nc2 Nxb6
37.Be4 Nc4 38.Ke2 Na3  0-1

[Event "Graz op"]
[Site "Graz"]
[Date "1995.??.??"]
[Round "8"]
[White "Kummer, Helmut"]
[Black "Spindelboeck, Gernot"]
[Result "1/2-1/2"]
[WhiteElo "2320"]
[BlackElo "2200"]

1.d4 Nf6 2.c4 e6 3.Nf3 Bb4+ 4.Nbd2 b6 5.e3 Bb7 6.Bd3 O-O 7.O-O d5 8.Qc2 Nbd7
9.b3 c5 10.cxd5 exd5 11.Bb2 Rc8 12.dxc5 Bxc5 13.Qb1 Re8 14.b4 Bd6 15.Bf5 Rc7
16.Rd1 a6 17.g3 Qe7 18.a3 Ne4 19.Qd3 Ne5 20.Nxe5 Bxe5 21.Bxe5 Qxe5 22.Nxe4 Qxf5
23.Nd6 Qxd3 24.Rxd3 Rd8 25.Nxb7 Rxb7 26.Rc1 Rbd7 27.a4 Kf8 28.Kf1 Ke7 29.Ke2 f5
30.Rc6 Rd6 31.Rdc3 g5 32.h4 gxh4 33.gxh4 h5 34.b5 axb5 35.axb5 d4 36.exd4 Rxd4
37.Re3+ Kd7 38.Rec3 Ke7 39.Rf3 Kd7 40.Rxb6 Rxh4 41.Rd3+ Ke7 42.Rb7+ Ke8 43.Rxd8+ Kxd8
44.Rf7 Rb4 45.Rxf5 h4 46.Kf3 Ke7 47.Kg2 Rb3 48.Rh5 h3+ 49.Kh2 Rf3 50.Kg1 Rb3
51.Rh7+ Kd8 52.Rb7 Rb1+ 53.Kh2 Rb2 54.Rf7 Rxb5 55.Kxh3 Rg5 56.Kh4 Rg1 57.f4 Ke8
58.Rf5 Ke7 59.Rg5 Rf1 60.Kg4 Kf6 61.Rf5+  1/2-1/2